Most Common Last Names by Country - Statistics

General Stats
  • This quiz has been taken 103 times
  • The average score is 5 of 12
Answer Stats
Hint Answer % Correct
United States Smith
99%
United Kingdom Smith
85%
Australia Smith
72%
South Korea Kim
69%
China Wang
57%
Spain Garcia
47%
Germany Muller
37%
France Martin
25%
Brazil Silva
25%
Egypt Mohamed
16%
India Devi
6%
Canada Tremblay
2%
No matching quizzes found
Score Distribution
Percent of People with Each Score
Percentile by Number Answered
Your Score History
You have not taken this quiz